1581 1035 1083 1023 1334 1492 1342 1764 1303 1720 1426 1650 1465 1866 1493 1989 1055 1145 1181 1814 1851 1005 1015 1452 1239 1424 1084 1699 1081 1652 1115 1649 1665 1309 1963 1362 1429 1006 1137 1764 1629 1041 1262 1263 1305 1919 1556 1590 1360 1068 1021 1136 1798 1896 1601 1312 1848 1944 1095 1454 1121 1820 1939 1899 1308 1622 1397 1780 1902 1130 1335 1732 1798 1292 1881 1292 1118 1680 1521 1356 1545 1158 1737 1137 1615 1139 1712 1132 1545 1402 1171 1428 1807 1346 1686 1157 1680 1173 1255 BCNSPRNW ULIB Ver.6.0+V

เปลี่ยนเป็นภาษาไทย

Change to English
 แสดงรายละเอียดบรรณานุกรม
  กลับหน้าหลัก

Brief Record : Get Marc (ISO 2709) : E-mail record : QR code < ปิดหน้าต่าง
LEADER : 00000nam 2200000uu 4500
001    13399112251
003     ULIB
008    110802s2554||||th 000 0 tha d
020    9786162190421
090    นว.^bป526ห 2554
100 0  ปัณณรี
245 00 หัวใจรั้นรัก/^cปัณณรี
260    กรุงเทพฯ:^bอรุณ อ่นใจรัก, ^c2554.
300    243 หน้า
945    ^p195^l0^i18469
995    เกษร
999 ^a ใช้งานได้ทุกระบบ
รายการนี้ยังไม่มีแท็ก
คุณยังไม่ได้ล็อกอิน คุณสามารถมีกิจกรรมร่วมกับเว็บไซต์ได้ แต่ต้องล็อกอินก่อน ::
  ล็อกอิน

รายการสื่อสารสนเทศ

ลำดับที่ ประเภท เลขเรียก/บาร์โค้ด สถานที่ สถานะ
1. นวนิยาย
นวนิยาย
นว. ป526ห 2554  
  Barcode: 18469
ห้องสมุดวิทยาเขตสวรรค์ประชารักษ์
►นวนิยาย
บนชั้น
  ขอยืม

BibComment


ยังไม่เคยถูกคอมเมนท์

คอมเมนท์ทรัพยากรรายการนี้
  คอมเมนท์: หัวใจรั้นรัก ปัณณรี


 Copyright 2026. Bcnsprnw @Library